| 000 | 00790cab a2200265 4500 | ||
|---|---|---|---|
| 001 | ABS57247 | ||
| 008 | 090401t1997 xxu||||| |||| 00| 0 eng d | ||
| 035 | _a(Sirsi) u79476 | ||
| 041 | _aeng | ||
| 100 | _aJones, R. | ||
| 245 | _aReinforced timber - an inside story | ||
| 260 | _c1997 | ||
| 350 | _a0 | ||
| 490 |
_aConstruction Repair _v11(3) May/June 1997, 20-23(4) |
||
| 520 | _aDescribes a one year research programme to study the performance of various methods of beam reinforcement. References. | ||
| 650 | _aBEAMS | ||
| 650 | _aBUILDING CONSERVATION | ||
| 650 | _aHISTORIC BUILDINGS | ||
| 650 | _aLOAD TESTS | ||
| 650 | _aREINFORCED TIMBER | ||
| 650 | _aREPAIRS | ||
| 690 | _aBUILDING AND CONSTRUCTION-REPAIRS AND MAINTENANCE | ||
| 942 | _n0 | ||
| 948 | _c04/07/1997 | ||
| 999 |
_c49968 _d49968 |
||